| 000 | 01274cam a2200349 a 4500 | ||
|---|---|---|---|
| 999 |
_c1757 _d1757 |
||
| 001 | 1757 | ||
| 003 | BD-JhCC | ||
| 005 | 20211026134022.0 | ||
| 008 | 080428s2009 njuab b a 001 0 eng | ||
| 020 | _a9780471785309 (cloth) | ||
| 020 | _a047178530X (cloth) | ||
| 035 | _a(BD-JhCC) 1757 | ||
| 035 | _a(OCoLC)ocn226984670 | ||
| 040 |
_aDLC _cDLC _dBTCTA _dOCLCG _dYDXCP _dC#P _dBWX _dCDX _dIXA _dDLC _dBD-JhCC |
||
| 041 | _aeng | ||
| 050 | 0 | 0 |
_aVB230 _b.H83 2009 |
| 082 | 0 | 0 |
_a359.3/4309045 _222 _bHUC 2009 |
| 100 | 1 |
_aHuchthausen, Peter A., _d1939- |
|
| 245 | 1 | 0 |
_aHide and seek : _bthe untold story of Cold War naval espionage / _cPeter A. Huchthausen and Alexandre Sheldon-Duplaix. |
| 260 |
_aHoboken, N.J. : _bJohn Wiley & Sons, _cc2009. |
||
| 300 |
_axiv, 414 p. : _bill., map ; _c25 cm. |
||
| 504 | _aIncludes bibliographical references (p. 365-398) and index. | ||
| 610 | 1 | 0 |
_aUnited States. _bNavy |
| 610 | 1 | 0 |
_aSoviet Union. _bVoenno-Morskoĭ Flot |
| 650 | 0 |
_aMilitary intelligence _xHistory _y20th century. |
|
| 650 | 0 |
_aNaval history, Modern _y20th century. |
|
| 650 | 0 | _aCold War. | |
| 700 | 1 | _aSheldon-Duplaix, Alexandre. | |
| 856 | 4 | 1 |
_3Table of contents only _uhttp://www.loc.gov/catdir/toc/ecip0817/2008018997.html |
| 942 |
_2ddc _cBK _04 |
||